| 000 | 02009nam2a2200349 4500 | ||
|---|---|---|---|
| 001 | RU\NLR\bibl\1173405 | ||
| 005 | 20250615090105.0 | ||
| 021 |
_aRU _b2007-79014 _94254 |
||
| 035 | _a(NLR Aleph) 001160076 | ||
| 090 |
_a1531913 _c1531913 |
||
| 100 | _a20080109d2007 |||y0rusy50 ca | ||
| 101 | 0 | _arus | |
| 102 | _aRU | ||
| 105 | _ay ||||||||| | ||
| 200 | 1 |
_aКонопля _eхарактеристика образцов по биохимическим и другим селекционно-ценным признакам _f[сост.: к.б.н. Г.К. Низова и С.В. Григорьев] |
|
| 210 |
_d2007 _aБ. м. |
||
| 215 | _a29, [1] с. | ||
| 320 | _aАлф. указ. коллекц. образцов конопли: с. 27-28 | ||
| 320 | _aБиблиогр.: с. 29 (6 назв.) | ||
| 461 | 0 |
_1001RU\NLR\bibl\166215 _12001#$aКаталог мировой коллекции ВИР$vВып. 778 _9938135 _aВсероссийский НИИ растениеводства им. Н. И. Вавилова (Санкт-Петербург) _cСПб. _d2000 _fРос. акад. с.-х. наук, Гос. науч. центр Рос. Федерации, ВНИИ растениеводства им. Н.И. Вавилова (ВИР) _nВИР _tКаталог мировой коллекции ВИР _vВып. 778 |
|
| 606 | 1 |
_aКонопля _jКаталоги _xКоллекции _91411814 _3RU\NLR\auth\66594917 |
|
| 606 | 1 |
_aКонопля _jКаталоги _xСелекция _xБиохимические основы _92507447 _3RU\NLR\auth\661486720 |
|
| 606 | 1 |
_aКонопля _jКаталоги _xСелекционно-генетические качества _92507449 _3RU\NLR\auth\661486721 |
|
| 686 | _aП216.2л61я26 | ||
| 686 | _aП216.2-272.5я26 | ||
| 686 | _aП216.2-3я26 | ||
| 702 | 1 |
_aНизова _bГ. К. _gГалина Константиновна _4220 |
|
| 801 | 0 |
_aRU _bNLR _c20080109 _gRCR |
|
| 801 | 1 |
_aRU _bNLR _c20080109 |
|
| 942 | _cBOOK | ||
| 980 | _aNB | ||